| 000 | 00661nam a2200193Ia 4500 | ||
|---|---|---|---|
| 008 | 151121s9999||||xx |||||||||||||| ||und|| | ||
| 082 | _a818/डांगे | ||
| 082 | _bHNW-57709 | ||
| 100 | _aडांगे अशोक प्रभाकर | ||
| 245 | _aचित्रभारती | ||
| 260 | _b"गुरु पब्लिकेशन्स्, पुणे।" | ||
| 260 | _c-- | ||
| 300 | _a132 | ||
| 600 | _aडांगे अशोक प्रभाकर | ||
| 630 | _aचित्रभारती | ||
| 700 | _aडांगे अशोक प्रभाकर | ||
| 730 | _aचित्रभारती | ||
| 942 | _cBOOK | ||
| 999 |
_c1239805 _d1239802 |
||